| 000 | 00403nam a2200145Ia 4500 | ||
|---|---|---|---|
| 008 | 220204s9999 xx 000 0 und d | ||
| 082 |
_a330.34 _bCHA |
||
| 100 | _aChakrabarty, G | ||
| 245 | 0 | _aHuman development profile of the Indian states(NCAER Working paper no. 52) | |
| 260 |
_aNew Delhi _bNCAER _c1995 |
||
| 650 | _aIndian population | ||
| 650 | _aPopulation | ||
| 700 | _aPal, S P | ||
| 942 | _cBK | ||
| 999 |
_c40812 _d40812 |
||